| 000 | 01059nam a2200301 i 4500 | ||
|---|---|---|---|
| 001 | 16227 | ||
| 003 | ES-MaACL | ||
| 005 | 20250824210223.0 | ||
| 007 | t| | ||
| 008 | 000711s1999 sp ||||0| spa j | ||
| 020 | _a84-206-7946-1 | ||
| 040 |
_aM-BN _bspa _cM-BN |
||
| 080 | _a355.425(460)"1808/14" | ||
| 080 | _a946.0"1808/14" | ||
| 100 | 1 |
_aTone, John Lawrence. _9110569 |
|
| 245 | 1 | 3 |
_aLa guerrilla española y la derrota de Napoleón / _cJohn L. Tone ; versión de Jesús Izquierdo Martín. |
| 260 |
_aMadrid : _bAlianza Editorial, _c[1999] |
||
| 300 |
_a365 p. ; _c20 cm. |
||
| 490 | 1 |
_aEl libro universitario. Ensayo ; _v22 |
|
| 504 | _aFuentes documentales y bibliográficas: p. 343-355. | ||
| 650 | 4 |
_aGuerrillas- _zEspaña- _yS.XIX. _913269 |
|
| 651 | 4 |
_aEspaña- _xHistoria- _y1808-1814, Guerra de la Independencia _98244 |
|
| 700 | 1 |
_aIzquierdo Martín, Jesús. _965734 |
|
| 830 | 0 | 3 |
_aEl libro universitario (Alianza) _v22 _9179736 |
| 852 |
_aES-MaACL _jL-23379 _bR.128504 |
||
| 999 |
_c16227 _d16227 |
||